000 00553nam a2200229Ia 4500
005 20250425160827.0
008 250425s9999 xx 000 0 und d
041 _aspa
043 _aec
082 _a709.04
100 _aRODRIGUEZ CASTELO, HERNAN
245 0 _aARTE SACRO CONTEMPORANEO DEL ECUADOR
250 _aS.E.
260 _aEcuador
_bBANCO CENTRAL DEL ECUADOR
_c1985
260 _aGUAYAQUIL
300 _a105
650 _aARTE ECUATORIANO
650 _aARTE MODERNO
650 _aARTE RELIGIOSO
942 _c01
010 _a6260
999 _c196972
_d196972